000 01000nam a22003137a 4500
001 BR9800575
003 BR-BrBNA
005 20230928095806.0
007 ta
008 230509b bl.||||| |||| 00| 0 por d
040 _aBR-BrBNA
_bpor
_cBiblioteca Nacional de Agricultura
041 _a(Por)
072 _aE16
_b5214
090 _ 5214 BR9800575
110 1 _aSecretaria de Estado da Agricultura, Pecuaria e Abastecimento, Belo Horizonte, MG (Brasil)
_98844
245 1 _aCenario futuro do negocio agricola de Minas Gerais: cenario futuro para a cadeia produtiva de bovinos de leite em Minas Gerais
_bv. 6
260 3 _aBelo Horizonte, MG (Brasil):
_c1995.
300 _a32 p.
500 _a16 tables; 12 ref.
650 _aGado Leiteiro
650 _aEconomia da Producao
650 _aProdutividade
650 _aPesquisa Pecuaria
650 _aAssistencia Tecnica
650 _aExtensao Rural
650 _aMinas Gerais
909 _a202309
_bLucia
_c55
_dLucia Elande
942 _cBK
999 _c58676
_d58676